| 000 | 00702nam a22002057a 4500 | ||
|---|---|---|---|
| 005 | 20151006102525.0 | ||
| 008 | 021114s2003 ja b 001 0 eng | ||
| 020 | _a9280810707 | ||
| 024 | 0 | _ceng | |
| 080 | _a316.48 | ||
| 245 | 0 | 0 |
_aFrom civil strife to civil society : _cedited by William Maley, Charles Sampford, and Ramesh Thakur. |
| 260 |
_aTokyo ; _aNew York : _bUnited Nations University Press, _c2003. |
||
| 300 |
_a369 f. ; _c23 cm. |
||
| 504 | _aIndex. f.355-369 | ||
| 650 | 0 | _aKonflikti social | |
| 700 | 1 | _aMaley, William, | |
| 700 | 1 |
_aSampford, C. J. G. _q(Charles J. G.) |
|
| 700 | 1 | _aThakur, Ramesh Chandra, | |
| 942 |
_2udc _cBK |
||
| 999 |
_c501 _d501 |
||